| 000 | 01806nam a2200385 c 4500 | ||
|---|---|---|---|
| 003 | BLK | ||
| 005 | 20230103153445.0 | ||
| 008 | 180408b bul|||||r ||||||| ||bul|| | ||
| 010 | _aKNG00071576000 | ||
| 020 |
_a954-528-680-6 _bиздат.: Труд |
||
| 040 | _aBLK | ||
| 041 |
_aBUL _cBUL |
||
| 080 |
_aСоциална география. Икономическа география. География на туризма _b338:91 _x(497.2) _z338:91(497.2) |
||
| 080 |
_aРегионална икономика. Териториална икономика. Вж и 314.7 ; 330.15 ; 330.322 ; 331.5 ; 338.49 _b332.1 _x(497.2) _z332.1(497.2) |
||
| 100 | 1 |
_aТерзийска, Диана Иванова _eпърви автор _9370810 |
|
| 700 | 1 |
_aЛозанов, Емил Крумов _eсъавт. _9365382 |
|
| 139 |
_aТерзийска, Диана Иванова и др. _bТ 53 |
||
| 245 | 1 | 0 |
_aРегионални проблеми на Република България _cДиана Иванова Терзийска; съавт. Емил Крумов Лозанов. |
| 257 | _aBGR | ||
| 260 |
_аСофия _bТруд _c2006 _fСофия : Инвестпрес |
||
| 300 |
_a720 с. _bс табл., сх. _c24 см |
||
| 380 | _a3 | ||
| 500 | _aОфс. изд. - Библиогр. с. 708-714. - Съдържа и За авторите. | ||
| 504 | _a708-714 | ||
| 650 | 4 |
_aСтопанско райониране - България _9283188 |
|
| 651 | 4 |
_aБългария _9241624 |
|
| 653 | _aстопанско райониране | ||
| 653 | _aикономическа география | ||
| 653 | _aрегионална икономика | ||
| 852 | _aЦб 231439 | ||
| 856 | 4 |
_qpdf _u |
|
| 856 | 4 |
_qpdf _u |
|
| 942 |
_cKNG _n0 _01 |
||
| 944 |
_aCR _c13.02.2007 _kЛюдмила_Стоянова |
||
| 944 |
_aED _c26.08.2008 _k |
||
| 999 |
_c67266 _d67266 |
||